[Event "5th Koge Open Master1 2024"]
[Site "Koge"]
[Date "2024.07.09"]
[Round "1"]
[White "Larsen, Ulrik"]
[Black "Pedersen, Henrik Dahl"]
[Result "0-1"]
[WhiteElo "1979"]
[BlackElo "2235"]
[PlyCount "56"]
[EventDate "2024.07.09"]
[EventType "tourn"]
[EventRounds "9"]
[EventCountry "DEN"]
[SourceTitle "Live v. Koge Skakklub"]

1. e4 c5 2. Nf3 Nc6 3. d4 cxd4 4. Nxd4 Nf6 5. Nc3 e5 6. Ndb5 d6 7. Bg5 a6 8. Na3 b5 9. Bxf6 gxf6 10. Nd5 Be6 11. Bd3 Bg7 12. O-O f5 13. Qh5 Ra7 14. Rad1 f4 15. c4 b4 16. Nc2 a5 17. c5 dxc5 18. Bb5 Qc8 19. Qg5 O-O 20. Nf6+ Kh8 21. Bxc6 Qxc6 22. Qxe5 Qc7 23. Qg5 h6 24. Qh4 Qe5 25. Nh5 Qg5 26. Qxg5 hxg5 27. Nxg7 Kxg7 28. b3 a4 0-1

[Event "5th Koge Open Master1 2024"]
[Site "Koge"]
[Date "2024.07.09"]
[Round "1"]
[White "Frisk, Ellinor"]
[Black "Andersen, Lars Christoff"]
[Result "1-0"]
[WhiteElo "2164"]
[BlackElo "1976"]
[PlyCount "99"]
[EventDate "2024.07.09"]
[EventType "tourn"]
[EventRounds "9"]
[EventCountry "DEN"]
[SourceTitle "Live v. Koge Skakklub"]

1. d4 e6 2. c4 d5 3. Nf3 c5 4. cxd5 exd5 5. g3 Nc6 6. Bg2 c4 7. O-O Bb4 8. b3 cxb3 9. Qxb3 Nge7 10. Ne5 a5 11. Nxc6 bxc6 12. Bf4 O-O 13. Nc3 Ba6 14. Bf3 Nf5 15. Rfd1 Re8 16. Bg4 Nd6 17. Bxd6 Qxd6 18. e3 Qg6 19. Bf3 Qf5 20. Bg2 Bc4 21. Qb2 Rab8 22. Rac1 h5 23. h4 Kh8 24. Qc2 Qg4 25. Bf1 Bxf1 26. Rxf1 Re6 27. Qe2 Qg6 28. Qc2 Qg4 29. Rb1 Rbe8 30. Ne2 g5 31. hxg5 h4 32. Nf4 Rd6 33. Kg2 Qxg5 34. Rh1 Rh6 35. Rh3 Kg7 36. Rbh1 Reh8 37. Kf3 hxg3 38. Rxg3 Qxg3+ 39. Kxg3 Rxh1 40. Qxc6 Be1 41. Qxd5 R8h2 42. Nd3 Rh3+ 43. Kg4 Rh4+ 44. Kf3 Rh5 45. Qe4 Bc3 46. Ne5 R5h3+ 47. Ke2 Re1+ 48. Kd3 Rhh1 49. Kxc3 Rc1+ 50. Kb2 1-0

[Event "5th Koge Open Master1 2024"]
[Site "Koge"]
[Date "2024.07.09"]
[Round "1"]
[White "Haarh, Simon Bjork"]
[Black "Iskos, Lukas"]
[Result "1-0"]
[WhiteElo "2069"]
[BlackElo "2003"]
[PlyCount "69"]
[EventDate "2024.07.09"]
[EventType "tourn"]
[EventRounds "9"]
[EventCountry "DEN"]
[SourceTitle "Live v. Koge Skakklub"]

1. e4 c5 2. Nf3 Nc6 3. d4 cxd4 4. Nxd4 Nf6 5. Nc3 e5 6. Ndb5 d6 7. Bg5 a6 8. Na3 b5 9. Nd5 Be7 10. Bxf6 Bxf6 11. c4 b4 12. Nc2 Rb8 13. b3 O-O 14. g3 Bg5 15. Bg2 f5 16. exf5 Bxf5 17. O-O Qd7 18. h4 Bh6 19. Nde3 Bxe3 20. Nxe3 Nd4 21. Kh2 Kh8 22. f4 Qe6 23. g4 Qe7 24. Nxf5 Nxf5 25. gxf5 Qxh4+ 26. Bh3 Rxf5 27. Qg4 Qxg4 28. Bxg4 Rxf4 29. Rxf4 exf4 30. Rd1 g6 31. Rxd6 h5 32. Bf3 Kg7 33. c5 g5 34. c6 Rc8 35. Bxh5 1-0

[Event "5th Koge Open Master1 2024"]
[Site "Koge"]
[Date "2024.07.09"]
[Round "1"]
[White "Koch Mueller, Oscar"]
[Black "Meskenas, Paulius"]
[Result "0-1"]
[WhiteElo "2034"]
[BlackElo "2168"]
[PlyCount "70"]
[EventDate "2024.07.09"]
[EventType "tourn"]
[EventRounds "9"]
[EventCountry "DEN"]
[SourceTitle "Live v. Koge Skakklub"]

1. d4 d5 2. c4 e6 3. Nc3 Nf6 4. cxd5 exd5 5. Bg5 Be7 6. e3 h6 7. Bh4 Nbd7 8. Bd3 O-O 9. Qc2 c5 10. Nf3 cxd4 11. Nxd4 Ne5 12. O-O Be6 13. Rfd1 Rc8 14. Qb3 Nxd3 15. Rxd3 Qd7 16. Rad1 Rfd8 17. Nxe6 fxe6 18. Bxf6 Bxf6 19. Nxd5 exd5 20. Rxd5 Qf7 21. e4 Rxd5 22. exd5 Be5 23. g3 Bd6 24. Re1 Bc5 25. Qc2 Qd7 26. Qe4 Rf8 27. Re2 Rf5 28. b4 Bb6 29. d6 Qf7 30. Qc2 Rd5 31. Re7 Qf3 32. Qc8+ Kh7 33. Qc2+ Qd3 34. Qb2 Bd4 35. Qc1 Rf5 0-1

[Event "5th Koge Open Master1 2024"]
[Site "Koge"]
[Date "2024.07.09"]
[Round "2"]
[White "Saravana, Vedant Kumar"]
[Black "Larsen, Ulrik"]
[Result "1-0"]
[WhiteElo "2008"]
[BlackElo "1979"]
[PlyCount "59"]
[EventDate "2024.07.09"]
[EventType "tourn"]
[EventRounds "9"]
[EventCountry "DEN"]
[SourceTitle "Live v. Koge Skakklub"]

1. e4 c5 2. Nf3 d6 3. d4 cxd4 4. Nxd4 Nf6 5. Nc3 g6 6. Be3 Bg7 7. f3 O-O 8. Qd2 Nc6 9. Bc4 Bd7 10. O-O-O Rc8 11. Bb3 Nxd4 12. Bxd4 b5 13. Nd5 Nxd5 14. Bxd5 a5 15. Bxg7 Kxg7 16. h4 e6 17. h5 g5 18. h6+ Kg6 19. Qd3 exd5 20. g4 f5 21. Qxd5 fxg4 22. Qxd6+ Rf6 23. Qh2 Rfc6 24. Qh5+ Kf6 25. e5+ Kxe5 26. f4+ Kxf4 27. Rhf1+ Ke4 28. Qh1+ Ke5 29. Qh2+ Ke4 30. Qe2# 1-0

[Event "5th Koge Open Master1 2024"]
[Site "Koge"]
[Date "2024.07.09"]
[Round "2"]
[White "Pedersen, Henrik Dahl"]
[Black "Frisk, Ellinor"]
[Result "1/2-1/2"]
[WhiteElo "2235"]
[BlackElo "2164"]
[PlyCount "59"]
[EventDate "2024.07.09"]
[EventType "tourn"]
[EventRounds "9"]
[EventCountry "DEN"]
[SourceTitle "Live v. Koge Skakklub"]

1. c4 c5 2. Nc3 Nc6 3. Nf3 g6 4. e3 Bg7 5. d4 cxd4 6. exd4 d6 7. Be2 Bg4 8. Be3 Nf6 9. h3 Bxf3 10. Bxf3 O-O 11. O-O Qd7 12. Rc1 h5 13. Qa4 Rfd8 14. Rfd1 a6 15. Qb3 Na5 16. Qb4 Nc6 17. Qa3 Qf5 18. Nd5 Nxd5 19. Bxd5 Kh7 20. b4 e6 21. Bf3 d5 22. cxd5 exd5 23. Qb3 Bf8 24. a3 Rac8 25. Be2 Qe4 26. Bd3 Qe6 27. Bf1 Ne7 28. Bg5 Rxc1 29. Rxc1 Rc8 30. Rxc8 1/2-1/2

[Event "5th Koge Open Master1 2024"]
[Site "Koge"]
[Date "2024.07.09"]
[Round "2"]
[White "Andersen, Lars Christoff"]
[Black "Haarh, Simon Bjork"]
[Result "0-1"]
[WhiteElo "1976"]
[BlackElo "2069"]
[PlyCount "178"]
[EventDate "2024.07.09"]
[EventType "tourn"]
[EventRounds "9"]
[EventCountry "DEN"]
[SourceTitle "Live v. Koge Skakklub"]

1. Nf3 Nf6 2. c4 g6 3. Nc3 Bg7 4. g3 O-O 5. Bg2 d6 6. O-O e5 7. d3 c6 8. Rb1 Nbd7 9. b4 Qc7 10. Bb2 a5 11. a3 h6 12. Nd2 Nh5 13. e4 Re8 14. Ba1 axb4 15. axb4 Nf8 16. Nb3 Be6 17. Kh1 Qc8 18. c5 Qd7 19. cxd6 b6 20. Nd2 Qxd6 21. Nc4 Qc7 22. b5 Red8 23. Qe2 Bxc4 24. dxc4 Ne6 25. bxc6 Nd4 26. Qb2 Qxc6 27. Nd5 Rd7 28. Rfc1 Rb7 29. Qd2 Rxa1 30. Rxa1 Nb3 31. Qb4 Nxa1 32. Rxa1 Qc5 33. Qb5 Qxb5 34. cxb5 Nf6 35. Ra8+ Kh7 36. Kg1 Nxd5 37. exd5 f5 38. Rd8 Bf6 39. Rd6 Kg7 40. Kf1 e4 41. Ke2 Bd4 42. Rc6 Rd7 43. f3 Rxd5 44. fxe4 Rxb5 45. Kd3 Be5 46. exf5 gxf5 47. Re6 Bf6 48. Bh3 Kg6 49. Bf1 Rb1 50. Be2 Rb2 51. Rc6 b5 52. Rc5 b4 53. Rc2 Rb3+ 54. Kd2 Ra3 55. Bd3 Bc3+ 56. Ke2 h5 57. h3 Kg5 58. Rc1 Ra5 59. Kf3 Rd5 60. Bc4 Rd4 61. Be2 h4 62. gxh4+ Kxh4 63. Rd1 Bd2 64. Rb1 Re4 65. Bf1 Re3+ 66. Kf2 Ra3 67. Bc4 Rxh3 68. Ke2 Rh2+ 69. Kf3 Rh3+ 70. Kf2 Bc3 71. Kg2 Rg3+ 72. Kf2 Kg4 73. Be2+ Kf4 74. Rh1 Bd4+ 75. Ke1 Ke3 76. Bc4 f4 77. Kd1 Bc3 78. Kc2 Rg2+ 79. Kc1 Bb2+ 80. Kb1 Ba3 81. Bd5 Rb2+ 82. Ka1 Rd2 83. Rh3+ Kd4 84. Bf7 Rf2 85. Bh5 Bc1 86. Kb1 Be3 87. Bg4 Kc3 88. Rh7 Rf1+ 89. Ka2 b3+ 0-1

[Event "5th Koge Open Master1 2024"]
[Site "Koge"]
[Date "2024.07.09"]
[Round "2"]
[White "Iskos, Lukas"]
[Black "Koch Mueller, Oscar"]
[Result "1/2-1/2"]
[WhiteElo "2003"]
[BlackElo "2034"]
[PlyCount "53"]
[EventDate "2024.07.09"]
[EventType "tourn"]
[EventRounds "9"]
[EventCountry "DEN"]
[SourceTitle "Live v. Koge Skakklub"]

1. d4 Nf6 2. c4 e6 3. g3 d5 4. Bg2 Bb4+ 5. Bd2 Be7 6. Nf3 O-O 7. O-O c6 8. Qc2 Nbd7 9. b3 b6 10. Nc3 Bb7 11. Rac1 Rc8 12. e4 Nxe4 13. Nxe4 dxe4 14. Qxe4 Nf6 15. Qe2 c5 16. dxc5 Bxc5 17. Rfd1 Qe7 18. Bf4 Rfd8 19. h3 Rxd1+ 20. Rxd1 Ne4 21. Rf1 Rd8 22. Ne5 f5 23. h4 h6 24. Qh5 Qe8 25. Qe2 Qe7 26. Qh5 Qe8 27. Qe2 1/2-1/2

[Event "5th Koge Open Master1 2024"]
[Site "Koge"]
[Date "2024.07.10"]
[Round "3"]
[White "Frisk, Ellinor"]
[Black "Saravana, Vedant Kumar"]
[Result "1-0"]
[WhiteElo "2164"]
[BlackElo "2008"]
[PlyCount "85"]
[EventDate "2024.07.09"]
[EventType "tourn"]
[EventRounds "9"]
[EventCountry "DEN"]
[SourceTitle "Live v. Koge Skakklub"]

1. e4 e5 2. Nf3 Nc6 3. Bc4 Bc5 4. O-O Nf6 5. d4 Bxd4 6. Nxd4 Nxd4 7. f4 d6 8. fxe5 dxe5 9. Bg5 Be6 10. Na3 Qe7 11. c3 Bxc4 12. Bxf6 gxf6 13. Nxc4 Ne6 14. Ne3 c6 15. Kh1 Qd7 16. Qxd7+ Kxd7 17. Rxf6 Raf8 18. Ng4 Ke7 19. Raf1 Nf4 20. Rf5 f6 21. g3 Rhg8 22. Nh6 Rg6 23. gxf4 Rxh6 24. fxe5 Rh4 25. exf6+ Ke6 26. R1f4 Rxf4 27. Rxf4 Ke5 28. Rh4 Rf7 29. Kg2 Rd7 30. Kf3 Kxf6 31. Ke3 Rg7 32. Kf4 Rf7 33. e5+ Kg6+ 34. Ke4 Kg5 35. Rh3 Rf4+ 36. Ke3 h6 37. Rh5+ Kg4 38. Rh4+ Kxh4 39. Kxf4 Kh3 40. e6 Kxh2 41. e7 h5 42. Kg5 h4 43. Kxh4 1-0

[Event "5th Koge Open Master1 2024"]
[Site "Koge"]
[Date "2024.07.10"]
[Round "3"]
[White "Haarh, Simon Bjork"]
[Black "Pedersen, Henrik Dahl"]
[Result "0-1"]
[WhiteElo "2069"]
[BlackElo "2235"]
[PlyCount "126"]
[EventDate "2024.07.09"]
[EventType "tourn"]
[EventRounds "9"]
[EventCountry "DEN"]
[SourceTitle "Live v. Koge Skakklub"]

1. e4 c5 2. Nf3 d6 3. d4 cxd4 4. Nxd4 Nf6 5. Nc3 a6 6. Bc4 e6 7. Bb3 Be7 8. f4 Nc6 9. Be3 Nxd4 10. Bxd4 O-O 11. Qf3 Qa5 12. O-O e5 13. Be3 exf4 14. Bd4 Be6 15. Nd5 Bxd5 16. exd5 Ne8 17. Qxf4 Qd8 18. Rf3 Bf6 19. Raf1 Rc8 20. c3 Bxd4+ 21. Qxd4 Rc7 22. Bc2 g6 23. h4 Ng7 24. Rh3 f5 25. Re1 Qf6 26. Qf4 Re8 27. Rxe8+ Nxe8 28. Re3 Re7 29. g3 Re5 30. Kf2 Kf7 31. Bb3 Rxe3 32. Qxe3 Qe7 33. Qe6+ Qxe6 34. dxe6+ Ke7 35. Kf3 Nc7 36. g4 fxg4+ 37. Kxg4 Nxe6 38. h5 Kf6 39. hxg6 hxg6 40. Bd5 b6 41. Be4 Nc5 42. Bc2 g5 43. Kh5 a5 44. Kg4 Nd7 45. Kf3 d5 46. Bb3 Ne5+ 47. Ke3 Ke6 48. Kd4 Nc6+ 49. Ke3 Ke5 50. Ba4 Nd8 51. Bd7 Ne6 52. Be8 Nc5 53. Bb5 Ne4 54. Be2 Nd6 55. b3 Ne4 56. Kd3 g4 57. c4 d4 58. Bf1 Nc5+ 59. Kd2 g3 60. Bg2 Ne6 61. Ke1 d3 62. Kf1 Kd4 63. Ke1 Nf4 0-1

[Event "5th Koge Open Master1 2024"]
[Site "Koge"]
[Date "2024.07.10"]
[Round "3"]
[White "Koch Mueller, Oscar"]
[Black "Andersen, Lars Christoff"]
[Result "1-0"]
[WhiteElo "2034"]
[BlackElo "1976"]
[PlyCount "133"]
[EventDate "2024.07.09"]
[EventType "tourn"]
[EventRounds "9"]
[EventCountry "DEN"]
[SourceTitle "Live v. Koge Skakklub"]

1. d4 e6 2. c4 d5 3. Nc3 c5 4. cxd5 exd5 5. Nf3 Nc6 6. dxc5 Nf6 7. Be3 Be7 8. g3 O-O 9. Bg2 Ng4 10. Bd4 Nxd4 11. Nxd4 Bxc5 12. O-O Qf6 13. e3 Qh6 14. Nf3 Be6 15. Ne2 d4 16. exd4 Rad8 17. Qc1 Bb6 18. Qxh6 Nxh6 19. Rfd1 Nf5 20. b3 Bd5 21. Rac1 Rfe8 22. Kf1 h6 23. g4 Nd6 24. Nc3 Be4 25. Na4 Ba5 26. Ne5 Bxg2+ 27. Kxg2 f6 28. Nc4 Bb4 29. Nxd6 Bxd6 30. Re1 b6 31. Rxe8+ Rxe8 32. Nc3 Rc8 33. Ne2 Re8 34. Rc2 Kf7 35. h3 Ke6 36. Kf3 g5 37. Nc3 Rc8 38. Re2+ Kf7 39. Nb5 Bb8 40. Na3 Bf4 41. Rc2 Re8 42. Nb5 a6 43. Na3 Re1 44. Rc6 Rh1 45. Rxb6 Rxh3+ 46. Ke4 a5 47. Ra6 Bd2 48. Nc4 Be1 49. f3 h5 50. gxh5 Rh4+ 51. Ke3 Rxh5 52. Nd6+ Ke7 53. Nf5+ Kf7 54. Ra7+ Kf8 55. Ra8+ Kf7 56. Ra7+ Kf8 57. Nd6 Rh6 58. Nc4 Bb4 59. Nxa5 Rh3 60. Nc6 Bd6 61. Ke4 Rg3 62. Rd7 Ba3 63. Kf5 Rxf3+ 64. Kg6 Re3 65. Kxf6 g4 66. Ne5 Ke8 67. Ra7 1-0

[Event "5th Koge Open Master1 2024"]
[Site "Koge"]
[Date "2024.07.10"]
[Round "3"]
[White "Meskenas, Paulius"]
[Black "Iskos, Lukas"]
[Result "1-0"]
[WhiteElo "2168"]
[BlackElo "2003"]
[PlyCount "83"]
[EventDate "2024.07.09"]
[EventType "tourn"]
[EventRounds "9"]
[EventCountry "DEN"]
[SourceTitle "Live v. Koge Skakklub"]

1. e4 c5 2. Nf3 Nc6 3. d4 cxd4 4. Nxd4 Nf6 5. Nc3 e5 6. Ndb5 d6 7. f3 a6 8. Na3 b5 9. Nd5 Nxd5 10. exd5 Nd4 11. Be3 Nf5 12. Bf2 Be7 13. Bd3 Bg5 14. Qe2 Ne7 15. O-O Bb7 16. c4 bxc4 17. Bxc4 Nxd5 18. Qd1 Ne7 19. Qb3 Bc6 20. Bxf7+ Kf8 21. Be6 Rb8 22. Qc2 Bd7 23. Bxd7 Qxd7 24. Qe2 Nf5 25. Rad1 Qe7 26. Qe4 g6 27. b3 Kg7 28. Nc4 Rhd8 29. Rd3 h5 30. Rfd1 Qe6 31. Qc6 Qc8 32. Qa4 h4 33. Nb6 Qc2 34. Nd5 h3 35. Qg4 Bh6 36. Qxh3 Rh8 37. Qg4 Qxa2 38. Bh4 Rxb3 39. Bf6+ Kh7 40. Ne7 Nxe7 41. Qe6 Be3+ 42. Rxe3 1-0

[Event "5th Koge Open Master1 2024"]
[Site "Koge"]
[Date "2024.07.10"]
[Round "4"]
[White "Saravana, Vedant Kumar"]
[Black "Haarh, Simon Bjork"]
[Result "1-0"]
[WhiteElo "2008"]
[BlackElo "2069"]
[PlyCount "89"]
[EventDate "2024.07.09"]
[EventType "tourn"]
[EventRounds "9"]
[EventCountry "DEN"]
[SourceTitle "Live v. Koge Skakklub"]

1. e4 c5 2. Nf3 d6 3. d4 cxd4 4. Nxd4 Nf6 5. Nc3 a6 6. Be2 e5 7. Nb3 Be7 8. Be3 Be6 9. O-O O-O 10. Qd2 Nbd7 11. a4 Rc8 12. a5 Qc7 13. Rfd1 Rfd8 14. Qe1 Nc5 15. Nxc5 dxc5 16. Bf3 Rxd1 17. Qxd1 h6 18. Nd5 Bxd5 19. exd5 Bd6 20. Bg4 Rf8 21. c4 Nxg4 22. Qxg4 f5 23. Qh3 Rf6 24. Bd2 Qf7 25. Re1 e4 26. Bc3 Rg6 27. f3 exf3 28. Qxf3 Rg4 29. b3 Rf4 30. Qd3 Rg4 31. Be5 Bxe5 32. Rxe5 Qg6 33. Qf3 f4 34. Qe4 Qxe4 35. Rxe4 Kf7 36. Kf2 Rg6 37. Rxf4+ Ke7 38. Re4+ Kd7 39. Kf3 b6 40. Re6 Rxe6 41. dxe6+ Kxe6 42. axb6 Kd7 43. Ke4 Kc6 44. b7 Kxb7 45. Kd5 1-0

[Event "5th Koge Open Master1 2024"]
[Site "Koge"]
[Date "2024.07.10"]
[Round "4"]
[White "Larsen, Ulrik"]
[Black "Frisk, Ellinor"]
[Result "1/2-1/2"]
[WhiteElo "1979"]
[BlackElo "2164"]
[PlyCount "53"]
[EventDate "2024.07.09"]
[EventType "tourn"]
[EventRounds "9"]
[EventCountry "DEN"]
[SourceTitle "Live v. Koge Skakklub"]

1. e4 c5 2. Nc3 g6 3. g3 Bg7 4. Bg2 Nc6 5. d3 d6 6. f4 e6 7. Nf3 Nge7 8. O-O O-O 9. Bd2 Rb8 10. Rb1 Nd4 11. Ne2 Nxf3+ 12. Bxf3 b6 13. Bc3 d5 14. Bxg7 Kxg7 15. Qe1 Bb7 16. Rd1 Qc7 17. Qc3+ Kg8 18. Qf6 dxe4 19. dxe4 Rbd8 20. h4 Rxd1 21. Rxd1 Rd8 22. Rf1 Nc6 23. e5 Rd2 24. Nc3 Nd4 25. Bxb7 Qxb7 26. Qd8+ Kg7 27. Qf6+ 1/2-1/2

[Event "5th Koge Open Master1 2024"]
[Site "Koge"]
[Date "2024.07.10"]
[Round "4"]
[White "Pedersen, Henrik Dahl"]
[Black "Koch Mueller, Oscar"]
[Result "1-0"]
[WhiteElo "2235"]
[BlackElo "2034"]
[PlyCount "77"]
[EventDate "2024.07.09"]
[EventType "tourn"]
[EventRounds "9"]
[EventCountry "DEN"]
[SourceTitle "Live v. Koge Skakklub"]

1. c4 e6 2. Nf3 Nf6 3. Nc3 Bb4 4. Qc2 d5 5. e3 O-O 6. a3 Bxc3 7. Qxc3 b6 8. b4 Nbd7 9. Bb2 dxc4 10. Bxc4 c5 11. b5 a6 12. a4 axb5 13. axb5 Rxa1+ 14. Bxa1 Bb7 15. d3 Qa8 16. e4 Qb8 17. O-O Qf4 18. h3 Ra8 19. Bb2 h5 20. Re1 Ne8 21. Re3 Qf6 22. Qb3 Qe7 23. h4 Nc7 24. Ng5 Nf8 25. Rg3 f6 26. Nh3 Kh7 27. Qd1 g6 28. Nf4 Qf7 29. Qd2 Ne8 30. Qc3 Nd6 31. Nh3 Kg7 32. Ng5 Qe7 33. e5 Ne8 34. exf6+ Nxf6 35. Re3 Bc8 36. Ne4 N8d7 37. Bxe6 Qxe6 38. Nxf6 Qxf6 39. Qc1 1-0

[Event "5th Koge Open Master1 2024"]
[Site "Koge"]
[Date "2024.07.10"]
[Round "4"]
[White "Andersen, Lars Christoff"]
[Black "Meskenas, Paulius"]
[Result "0-1"]
[WhiteElo "1976"]
[BlackElo "2168"]
[PlyCount "44"]
[EventDate "2024.07.09"]
[EventType "tourn"]
[EventRounds "9"]
[EventCountry "DEN"]
[SourceTitle "Live v. Koge Skakklub"]

1. Nf3 Nf6 2. c4 g6 3. Nc3 d5 4. d4 Bg7 5. e3 O-O 6. cxd5 Nxd5 7. Bc4 Nxc3 8. bxc3 c5 9. O-O Qa5 10. Bb2 Nd7 11. a4 a6 12. Qe2 Nb6 13. Bb3 Bg4 14. h3 Bxf3 15. Qxf3 Rab8 16. Rfd1 Nd7 17. e4 Qb6 18. Bc4 cxd4 19. Rab1 Qc7 20. Ba2 dxc3 21. Bxc3 Bxc3 22. Rbc1 Rbc8 0-1

[Event "5th Koge Open Master1 2024"]
[Site "Koge"]
[Date "2024.07.11"]
[Round "5"]
[White "Saravana, Vedant Kumar"]
[Black "Andersen, Lars Christoff"]
[Result "0-1"]
[WhiteElo "2008"]
[BlackElo "1976"]
[PlyCount "138"]
[EventDate "2024.07.09"]
[EventType "tourn"]
[EventRounds "9"]
[EventCountry "DEN"]
[SourceTitle "Live v. Koge Skakklub"]

1. e4 e6 2. d4 d5 3. e5 c5 4. c3 Ne7 5. Nf3 Nec6 6. Be2 Nd7 7. O-O Be7 8. Bf4 O-O 9. Re1 f6 10. exf6 Nxf6 11. Nbd2 cxd4 12. Nxd4 Nxd4 13. cxd4 Ne4 14. Bg3 Nxg3 15. hxg3 Bd7 16. Bg4 Qb6 17. Nf3 Rae8 18. Ne5 Bc8 19. Rc1 Bf6 20. Rxc8 Rxc8 21. Nd7 Qxd4 22. Bxe6+ Kh8 23. Nxf8 Rxf8 24. Qh5 Qd2 25. Rd1 Qg5 26. Qxg5 Bxg5 27. Rxd5 Bf6 28. b3 Rd8 29. Rc5 b6 30. Rc6 Bd4 31. b4 Rf8 32. Rc2 g6 33. Kf1 a5 34. bxa5 bxa5 35. f3 Rb8 36. Bb3 Rb4 37. Rc8+ Kg7 38. Rc7+ Kh6 39. Bg8 Bg7 40. g4 Rb1+ 41. Ke2 Be5 42. Rxh7+ Kg5 43. Ra7 Bc3 44. g3 Bb4 45. Rf7 Re1+ 46. Kf2 Re8 47. f4+ Kxg4 48. Rg7 Be1+ 49. Kg2 Kf5 50. Rf7+ Kg4 51. Rf6 Rxg8 52. Re6 Bxg3 53. Re5 Bxf4 54. Rxa5 Rd8 55. Ra4 Rd2+ 56. Kf1 Kf3 57. Ke1 Rb2 58. Kd1 g5 59. Ra3+ Be3 60. Ra5 g4 61. Rf5+ Ke4 62. Ra5 g3 63. Ra4+ Kf3 64. Ra8 g2 65. Rf8+ Ke4 66. Re8+ Kd5 67. Rxe3 g1=Q+ 68. Re1 Qd4+ 69. Kc1 Qd2# 0-1

[Event "5th Koge Open Master1 2024"]
[Site "Koge"]
[Date "2024.07.11"]
[Round "5"]
[White "Larsen, Ulrik"]
[Black "Iskos, Lukas"]
[Result "1-0"]
[WhiteElo "1979"]
[BlackElo "2003"]
[PlyCount "61"]
[EventDate "2024.07.09"]
[EventType "tourn"]
[EventRounds "9"]
[EventCountry "DEN"]
[SourceTitle "Live v. Koge Skakklub"]

1. e4 c5 2. Nf3 Nc6 3. d4 cxd4 4. Nxd4 Nf6 5. Nc3 e5 6. Ndb5 d6 7. Bg5 a6 8. Na3 b5 9. Bxf6 gxf6 10. Nd5 f5 11. Bd3 Be6 12. O-O Bxd5 13. exd5 Ne7 14. Nxb5 Nxd5 15. Bxf5 Nf4 16. Nc3 Rg8 17. Be4 Rc8 18. Nd5 Rc4 19. Nxf4 Rxe4 20. Nd5 Reg4 21. g3 h5 22. c4 Bh6 23. Qf3 R8g6 24. c5 h4 25. c6 Bf4 26. c7 Qc8 27. Rac1 e4 28. Qxe4+ Be5 29. Qxg4 Rxg4 30. Nb6 Rxg3+ 31. hxg3 1-0

[Event "5th Koge Open Master1 2024"]
[Site "Koge"]
[Date "2024.07.11"]
[Round "5"]
[White "Frisk, Ellinor"]
[Black "Meskenas, Paulius"]
[Result "1/2-1/2"]
[WhiteElo "2164"]
[BlackElo "2168"]
[PlyCount "80"]
[EventDate "2024.07.09"]
[EventType "tourn"]
[EventRounds "9"]
[EventCountry "DEN"]
[SourceTitle "Live v. Koge Skakklub"]

1. c4 Nf6 2. Nc3 c5 3. Nf3 Nc6 4. d4 cxd4 5. Nxd4 g6 6. g3 Bg7 7. Bg2 O-O 8. O-O a6 9. Rb1 Qc7 10. b3 e6 11. Bb2 Rd8 12. Qd2 d5 13. cxd5 exd5 14. Rbc1 Qd6 15. Nxc6 bxc6 16. Na4 Bf5 17. Nc5 Qe7 18. Ba1 Rac8 19. Rfd1 Re8 20. Re1 Ne4 21. Nxe4 Bxa1 22. Rxa1 dxe4 23. Qe3 Qa3 24. h4 h5 25. Kh2 c5 26. Rec1 Qb2 27. Bh3 Bxh3 28. Kxh3 Rb8 29. Kg2 Rb5 30. Rd1 a5 31. Kf1 Qa3 32. Rd2 a4 33. bxa4 Qxe3 34. fxe3 Rb4 35. Rc1 Rc8 36. Rdc2 Rxa4 37. Rxc5 Rxc5 38. Rxc5 Rxa2 39. Rc4 Ra1+ 40. Kf2 f5 1/2-1/2

[Event "5th Koge Open Master1 2024"]
[Site "Koge"]
[Date "2024.07.11"]
[Round "5"]
[White "Haarh, Simon Bjork"]
[Black "Koch Mueller, Oscar"]
[Result "0-1"]
[WhiteElo "2069"]
[BlackElo "2034"]
[PlyCount "130"]
[EventDate "2024.07.09"]
[EventType "tourn"]
[EventRounds "9"]
[EventCountry "DEN"]
[SourceTitle "Live v. Koge Skakklub"]

1. e4 e6 2. d4 d5 3. Nc3 Nf6 4. e5 Nfd7 5. f4 c5 6. Nf3 Nc6 7. Be3 a6 8. a3 cxd4 9. Nxd4 Bc5 10. Qd2 Nxd4 11. Bxd4 Bxd4 12. Qxd4 Qb6 13. Ne2 Qxd4 14. Nxd4 Ke7 15. O-O-O f6 16. exf6+ gxf6 17. Re1 Nc5 18. c4 Rd8 19. Nf3 dxc4 20. Bxc4 b5 21. Be2 Bb7 22. Rd1 Be4 23. b4 Na4 24. Rxd8 Rxd8 25. Rd1 Rc8+ 26. Kd2 Rc2+ 27. Ke3 Rxe2+ 28. Kxe2 Nc3+ 29. Ke3 Nxd1+ 30. Kxe4 Nc3+ 31. Kd4 Nb1 32. g4 Nxa3 33. h4 Kd6 34. g5 fxg5 35. fxg5 Nc2+ 36. Ke4 Nxb4 37. h5 Nd5 38. h6 Ke7 39. Ne5 b4 40. Kd3 Kf8 41. Kc4 a5 42. Kb3 Nf4 43. Ka4 Nh3 44. Kb3 Nxg5 45. Nc6 Kf7 46. Nxa5 Kg6 47. Kxb4 Kxh6 48. Kc4 Kg6 49. Kd4 Kf5 50. Ke3 Kg4 51. Nc4 Kg3 52. Nd2 h5 53. Nf1+ Kg2 54. Ke2 h4 55. Ne3+ Kg1 56. Ng4 h3 57. Ke3 h2 58. Nxh2 Kxh2 59. Kf4 Nf7 60. Kf3 Kh3 61. Kf4 Kh4 62. Ke4 Kg4 63. Ke3 Kf5 64. Kf2 Ke4 65. Ke2 e5 0-1

[Event "5th Koge Open Master1 2024"]
[Site "Koge"]
[Date "2024.07.11"]
[Round "6"]
[White "Saravana, Vedant Kumar"]
[Black "Meskenas, Paulius"]
[Result "1/2-1/2"]
[WhiteElo "2008"]
[BlackElo "2168"]
[PlyCount "67"]
[EventDate "2024.07.09"]
[EventType "tourn"]
[EventRounds "9"]
[EventCountry "DEN"]
[SourceTitle "Live v. Koge Skakklub"]

1. e4 e5 2. Nf3 Nc6 3. Bc4 Bc5 4. c3 Nf6 5. d3 d6 6. O-O h6 7. a4 a5 8. Nbd2 g5 9. Nb3 g4 10. Ne1 Bb6 11. Be3 Bxe3 12. fxe3 O-O 13. g3 Nh7 14. Ng2 Ng5 15. Nh4 Nh3+ 16. Kg2 Qg5 17. Qe2 Ne7 18. Nd2 Kg7 19. d4 f5 20. exf5 Nxf5 21. Nxf5+ Bxf5 22. Bd3 Bxd3 23. Qxd3 d5 24. dxe5 Qxe5 25. Rae1 Rae8 26. Qb5 Rxf1 27. Rxf1 Qxe3 28. Qd7+ Kh8 29. Qxg4 Ng5 30. Nf3 Ne4 31. Qh5 Rg8 32. Qe5+ Kh7 33. Qf5+ Kh8 34. Qe5+ 1/2-1/2

[Event "5th Koge Open Master1 2024"]
[Site "Koge"]
[Date "2024.07.11"]
[Round "6"]
[White "Larsen, Ulrik"]
[Black "Koch Mueller, Oscar"]
[Result "0-1"]
[WhiteElo "1979"]
[BlackElo "2034"]
[PlyCount "108"]
[EventDate "2024.07.09"]
[EventType "tourn"]
[EventRounds "9"]
[EventCountry "DEN"]
[SourceTitle "Live v. Koge Skakklub"]

1. e4 e6 2. d4 d5 3. e5 c5 4. c3 Nc6 5. Nf3 Qb6 6. Bd3 cxd4 7. O-O Nge7 8. h4 Bd7 9. h5 h6 10. Re1 Rc8 11. Nbd2 dxc3 12. bxc3 Na5 13. Rb1 Qc7 14. Nd4 a6 15. N2f3 Nec6 16. g4 Be7 17. Qe2 Nxd4 18. cxd4 Ba4 19. Bd2 Nc4 20. Bb4 Bxb4 21. Rxb4 b5 22. Bxc4 dxc4 23. d5 Qc5 24. Rxa4 bxa4 25. d6 c3 26. Qxa6 Qc6 27. Qd3 O-O 28. g5 Qc4 29. Qe3 Qg4+ 30. Kf1 Qh3+ 31. Ke2 c2 32. gxh6 Qg4 33. hxg7 Qc4+ 34. Qd3 Rfd8 35. Rc1 Kxg7 36. Rg1+ Kh6 37. Rc1 Qxd3+ 38. Kxd3 f6 39. Rxc2 Rxc2 40. Kxc2 fxe5 41. Nxe5 Kxh5 42. d7 Kh4 43. Kc3 Kh3 44. Kc4 Kg2 45. Kc5 Kxf2 46. Kd6 Ke3 47. Nc6 Rh8 48. Kc5 e5 49. d8=Q Rxd8 50. Nxd8 Kd3 51. Kb4 e4 52. Nc6 e3 53. Ne5+ Ke4 54. Nc4 e2 0-1